000 00211nam a22000857a 4500
008 161213b xxu||||| |||| 00| 0 eng d
100 _92009
_aBhatia.K.
245 _aExpression in art-7
260 _aNew Delhi
_bN.P
_c2009
999 _c4874
_d4874